[Event "36 R.G.Nezhmetdinov Memorial"]
[Site "Kazan"]
[Date "2014.05.31"]
[Round "1.1"]
[White "Popov, Ivan"]
[Black "Turkin, Viktor"]
[Result "1/2-1/2"]
[WhiteElo "2650"]
[BlackElo "2285"]
[PlyCount "70"]
[EventDate "2014.??.??"]

1. e4 c5 2. Nf3 e6 3. d4 cxd4 4. Nxd4 Nc6 5. Nc3 d6 6. Be3 Nf6 7. f4 Be7 8. Qf3
e5 9. Nf5 Bxf5 10. exf5 Nd4 11. Qd1 Nxf5 12. Bb5+ Kf8 13. Bf2 h5 14. O-O exf4
15. Qf3 Ne3 16. Bxe3 fxe3 17. Qxb7 d5 18. Be2 Rc8 19. Rad1 Rc7 20. Qb3 Rd7 21.
Nb5 Bc5 22. Nd4 Kg8 23. Kh1 Ng4 24. Bxg4 hxg4 25. Qxe3 Re7 26. Qc3 Qb8 27. g3
Bxd4 28. Qxd4 Qxg3 29. Rf2 Re3 30. Rg2 Re1+ 31. Rxe1 Qxe1+ 32. Rg1 Qe2 33. Rg2
Qe1+ 34. Rg1 Qe2 35. Rg2 Qe1+ 1/2-1/2

[Event "36 R.G.Nezhmetdinov Memorial"]
[Site "Kazan"]
[Date "2014.05.31"]
[Round "1.2"]
[White "Davydov, Sergey"]
[Black "Kokarev, Dmitry"]
[Result "0-1"]
[WhiteElo "2252"]
[BlackElo "2628"]
[PlyCount "80"]
[EventDate "2014.??.??"]

1. Nf3 g6 2. d4 Nf6 3. c4 Bg7 4. Nc3 O-O 5. e4 d6 6. Bg5 Bg4 7. Be2 Nfd7 8. d5
Nc5 9. Nd4 Bxe2 10. Ndxe2 a5 11. O-O Nbd7 12. Rb1 Re8 13. b3 c6 14. a3 Qc7 15.
Be3 e6 16. dxc6 bxc6 17. b4 axb4 18. axb4 Nb7 19. Qb3 Reb8 20. Qc2 Ne5 21. Nd1
c5 22. f4 Ng4 23. Bd2 cxb4 24. h3 Nf6 25. Rxb4 d5 26. exd5 Nxd5 27. Rb1 Nd6 28.
Rc1 Nb4 29. Bxb4 Rxb4 30. c5 Rc4 31. Qd2 Qxc5+ 32. Nf2 Rc8 33. Kh2 h5 34. Rxc4
Nxc4 35. Qd7 Nb6 36. Qd3 Qe7 37. Ne4 Nd5 38. Rb1 Bh6 39. Qd2 Qc7 40. Rc1 Qxc1
0-1

[Event "36 R.G.Nezhmetdinov Memorial"]
[Site "Kazan"]
[Date "2014.05.31"]
[Round "1.3"]
[White "Andriasian, Zaven"]
[Black "Yuferev, Oleg"]
[Result "1-0"]
[WhiteElo "2611"]
[BlackElo "2250"]
[PlyCount "83"]
[EventDate "2014.??.??"]

1. Nf3 Nf6 2. c4 e6 3. g3 d5 4. Bg2 Be7 5. O-O O-O 6. Nc3 c6 7. d4 Nbd7 8. Bf4
Nh5 9. Bd2 Nb6 10. c5 Nc4 11. Bc1 b6 12. Na4 Nf6 13. b3 Na5 14. Bd2 Nd7 15. Rc1
Ba6 16. Re1 Rc8 17. Bxa5 bxa5 18. e4 dxe4 19. Rxe4 Nf6 20. Re1 Nd5 21. Nc3 Qc7
22. Ne5 Rfd8 23. Nxd5 cxd5 24. Rc3 Bf6 25. Bh3 Bxe5 26. Rxe5 Rb8 27. a3 a4 28.
b4 Bb5 29. Rf3 Rf8 30. Qe1 a5 31. bxa5 Bc4 32. Bg4 g6 33. h4 Rb5 34. a6 Rfb8
35. Qd2 Kg7 36. h5 Rb1+ 37. Kh2 Bxa6 38. Qg5 Qd8 39. Rxf7+ Kxf7 40. Bxe6+ Kg7
41. h6+ Kh8 42. Bc8 1-0

[Event "36 R.G.Nezhmetdinov Memorial"]
[Site "Kazan"]
[Date "2014.05.31"]
[Round "1.4"]
[White "Igonin, Temur"]
[Black "Timofeev, Artyom"]
[Result "1/2-1/2"]
[WhiteElo "2215"]
[BlackElo "2603"]
[PlyCount "41"]
[EventDate "2014.??.??"]

1. e4 c5 2. Nf3 e6 3. d4 cxd4 4. Nxd4 Nc6 5. Nc3 Qc7 6. Be2 Nf6 7. O-O a6 8.
Be3 Be7 9. f4 d6 10. Qe1 O-O 11. Qg3 Nxd4 12. Bxd4 b5 13. e5 dxe5 14. Bxe5 Qc5+
15. Kh1 Bb7 16. Bd3 g6 17. Rae1 Nd7 18. f5 Nxe5 19. Rxe5 Qd4 20. Ne4 exf5 21.
Rxe7 1/2-1/2

[Event "36 R.G.Nezhmetdinov Memorial"]
[Site "Kazan"]
[Date "2014.05.31"]
[Round "1.5"]
[White "Bocharov, Dmitry"]
[Black "Yapparov, Timur"]
[Result "1-0"]
[WhiteElo "2598"]
[BlackElo "2215"]
[PlyCount "115"]
[EventDate "2014.??.??"]

1. d4 d5 2. Nf3 Nf6 3. Bf4 c5 4. e3 Nc6 5. c3 cxd4 6. exd4 Bf5 7. Nbd2 e6 8.
Qb3 Qb6 9. Qxb6 axb6 10. Bb5 Nd7 11. O-O Be7 12. Rfe1 O-O 13. a3 Rfd8 14. Rac1
Na7 15. Bf1 Bf6 16. h3 h6 17. Nb3 Nc6 18. Bd6 Be7 19. Bh2 Rdc8 20. Bb5 Nf6 21.
Ne5 Nxe5 22. dxe5 Ne4 23. Nd4 Bh7 24. Rcd1 Nc5 25. Bf1 Na4 26. Rd2 Nc5 27. Bf4
Ne4 28. Rdd1 Bh4 29. Be3 Be7 30. f3 Nc5 31. Rd2 Bh4 32. Bf2 Bg5 33. Rdd1 Na4
34. Re2 Nc5 35. h4 Be7 36. Ree1 Na4 37. Rd2 Nc5 38. g3 g5 39. hxg5 hxg5 40. g4
Kg7 41. Be3 Bg6 42. Nb5 Nb3 43. Rf2 Bc5 44. Bxg5 Bxf2+ 45. Kxf2 Nc5 46. Bf6+
Kg8 47. Nd6 Rc7 48. Bb5 Nd3+ 49. Bxd3 Bxd3 50. Nf5 Kf8 51. Rh1 Ke8 52. Rh8+ Kd7
53. Rxa8 exf5 54. Ke3 Bb1 55. Rd8+ Kc6 56. g5 Rd7 57. Rc8+ Rc7 58. Rf8 1-0

[Event "36 R.G.Nezhmetdinov Memorial"]
[Site "Kazan"]
[Date "2014.05.31"]
[Round "1.6"]
[White "Eletsky, Ivan"]
[Black "Ponkratov, Pavel"]
[Result "1-0"]
[WhiteElo "2200"]
[BlackElo "2595"]
[PlyCount "87"]
[EventDate "2014.??.??"]

1. e4 g6 2. d4 Bg7 3. c4 c5 4. d5 b5 5. cxb5 a6 6. Nc3 d6 7. f4 Nf6 8. Nf3 O-O
9. bxa6 Qa5 10. Bd2 Nbd7 11. Be2 Bxa6 12. O-O Qb6 13. Rb1 c4+ 14. Kh1 Ng4 15.
Qc1 Ndf6 16. h3 Nf2+ 17. Rxf2 Qxf2 18. Be3 Qg3 19. Bf1 Ng4 20. hxg4 Qxg4 21.
Nd4 e5 22. dxe6 fxe6 23. Qd1 Qh4+ 24. Kg1 Qe7 25. Ndb5 Rad8 26. Bxc4 Kh8 27.
Bb3 e5 28. Nd5 Qh4 29. Nbc7 exf4 30. Bf2 Qh6 31. Ne6 f3 32. Nxg7 fxg2 33. Nh5
Rde8 34. Bd4+ Re5 35. Ndf4 gxh5 36. Nxg2 h4 37. Qg4 h3 38. Nh4 Bd3 39. Rd1 Bc2
40. Bxc2 Rg8 41. Bxe5+ dxe5 42. Qxg8+ Kxg8 43. Rd8+ Kf7 44. Bb3+ 1-0

[Event "36 R.G.Nezhmetdinov Memorial"]
[Site "Kazan"]
[Date "2014.05.31"]
[Round "1.7"]
[White "Danin, Alexandre"]
[Black "Korovin, Mikhail"]
[Result "1-0"]
[WhiteElo "2594"]
[BlackElo "2197"]
[PlyCount "135"]
[EventDate "2014.??.??"]

1. e4 e6 2. d4 d5 3. Nc3 Bb4 4. exd5 exd5 5. Bd3 c6 6. Nge2 Ne7 7. Ng3 Nd7 8.
O-O O-O 9. Qf3 Bd6 10. Nce2 Re8 11. Bg5 h6 12. Bh4 Qc7 13. Bxe7 Bxe7 14. Nf5
Bf8 15. Neg3 Nb6 16. Nh5 Re6 17. Nf4 Rf6 18. Nh5 Re6 19. Rae1 Nc4 20. Bxc4 dxc4
21. Ne3 Qa5 22. Ra1 Qb5 23. Rab1 Qg5 24. Ng3 b5 25. Rbd1 Qg6 26. h3 Rb8 27. Ne2
Rf6 28. Qg3 Bd6 29. Qxg6 Rxg6 30. Kh1 f5 31. Rfe1 f4 32. Nf1 Bf5 33. c3 Be4 34.
f3 Bc2 35. Rd2 Bf5 36. Nc1 Kf7 37. a3 a5 38. Rde2 b4 39. axb4 axb4 40. Nd2 Bd3
41. Rf2 bxc3 42. bxc3 Be7 43. Nxd3 cxd3 44. Rff1 Rb2 45. Nc4 Rgxg2 46. Nxb2
Rxb2 47. Rd1 d2 48. Rf2 Rc2 49. Rdxd2 Rxc3 50. Kg2 Bf6 51. Rfe2 Rc4 52. Re4 Kg8
53. Kf2 Bh4+ 54. Ke2 Bf6 55. Kd3 Ra4 56. Rc2 Ra3+ 57. Ke2 Ra4 58. d5 Rxe4+ 59.
fxe4 cxd5 60. exd5 Kf7 61. Kf3 Be5 62. Rc6 Bb8 63. Ke4 Ke7 64. Re6+ Kf8 65. d6
Kf7 66. d7 Kxe6 67. d8=Q Bd6 68. Qc8+ {Kd5+} 1-0

[Event "36 R.G.Nezhmetdinov Memorial"]
[Site "Kazan"]
[Date "2014.05.31"]
[Round "1.8"]
[White "Mirzanurov, Bulat"]
[Black "Volkov, Sergey"]
[Result "0-1"]
[WhiteElo "2195"]
[BlackElo "2584"]
[PlyCount "67"]
[EventDate "2014.??.??"]

1. d4 d5 2. c4 c6 3. Nf3 Nf6 4. Nc3 a6 5. e3 b5 6. b3 Bg4 7. Be2 e6 8. Bb2 Nbd7
9. O-O Be7 10. Ne5 Bxe2 11. Nxe2 Qb6 12. Qc2 dxc4 13. bxc4 Nxe5 14. dxe5 Nd7
15. Rfd1 Qb7 16. Rac1 c5 17. Ng3 Nb6 18. cxb5 axb5 19. Ne4 Nc4 20. Nd6+ Bxd6
21. exd6 O-O 22. Ba1 Rfd8 23. h4 Qc6 24. h5 h6 25. Qe2 Rxd6 26. Qg4 e5 27. Rxd6
Qxd6 28. Rd1 Qa6 29. Qe4 Qxa2 30. Bxe5 Re8 31. f4 Qe2 32. Rd5 Nxe3 33. Qf3 Qxf3
34. gxf3 0-1

[Event "36 R.G.Nezhmetdinov Memorial"]
[Site "Kazan"]
[Date "2014.05.31"]
[Round "1.9"]
[White "Fedorov, Alexei"]
[Black "Lomasov, Semen"]
[Result "1/2-1/2"]
[WhiteElo "2574"]
[BlackElo "2188"]
[PlyCount "89"]
[EventDate "2014.??.??"]

1. e4 e6 2. d3 d5 3. Qe2 Nf6 4. Nf3 c5 5. g3 Nc6 6. Bg2 Be7 7. O-O b6 8. e5 Nd7
9. c4 d4 10. Nfd2 Bb7 11. f4 Qc7 12. Ne4 O-O-O 13. Na3 a6 14. Bd2 h6 15. Nc2
Rdg8 16. b4 cxb4 17. Rfb1 g5 18. Nxb4 gxf4 19. Nxc6 Bxc6 20. Bxf4 Bg5 21. Bxg5
hxg5 22. c5 Qxe5 23. cxb6 Kb8 24. Rc1 Rc8 25. Qf2 Bxe4 26. Bxe4 Rxc1+ 27. Rxc1
f5 28. Bc6 Nxb6 29. Re1 Qd6 30. Bg2 Ka7 31. Qe2 Rh6 32. Rc1 Nd5 33. Rc8 Rh7 34.
Qb2 Rb7 35. Qxd4+ Qb6 36. Qxb6+ Rxb6 37. Bxd5 Rb1+ 38. Kf2 exd5 39. Rf8 Rb2+
40. Ke3 f4+ 41. gxf4 gxf4+ 42. Rxf4 Rxh2 43. Kd4 Rxa2 44. Kxd5 Kb6 45. Kd4
1/2-1/2

[Event "36 R.G.Nezhmetdinov Memorial"]
[Site "Kazan, Russia"]
[Date "2014.05.31"]
[Round "1.10"]
[White "Glukhov, Alexander"]
[Black "Shariyazdanov, Andrey"]
[Result "1/2-1/2"]
[WhiteElo "2185"]
[BlackElo "2568"]
[PlyCount "126"]
[EventDate "2015.??.??"]

1. d4 Nf6 2. Nf3 c5 3. e3 e6 4. Be2 b6 5. O-O Bb7 6. c4 Be7 7. Nc3 cxd4 8. Nxd4
O-O 9. Bf3 Qc8 10. Bd2 Nc6 11. Nxc6 dxc6 12. Qc2 e5 13. Rad1 Qe6 14. b3 Rad8
15. Ne2 Nd7 16. Bc3 f5 17. e4 f4 18. Qb2 Bf6 19. Qa3 a5 20. Qd6 Qxd6 21. Rxd6
Nc5 22. Rfd1 Rxd6 23. Rxd6 Kf7 24. Nc1 Ke7 25. Rd2 Ne6 26. Nd3 Rd8 27. c5 Nxc5
28. Nxc5 Rxd2 29. Bxd2 bxc5 30. Bxa5 Ba6 31. Bd1 Bd3 32. f3 Bh4 33. Bc3 Kd6 34.
a4 Ke6 35. a5 Kd6 36. Bd2 g6 37. Bc3 Ke6 38. Bd2 h5 39. Bc3 Kd6 40. Bd2 Ba6 41.
Bc3 Bb5 42. Bd2 Kd7 43. Bc3 Ke6 44. Bd2 c4 45. bxc4 Bxc4 46. Bb4 Kd7 47. Ba4
Kc7 48. Bd1 g5 49. Bc3 Kd6 50. Bb4+ c5 51. Bc3 Bb5 52. Bd2 Ke6 53. Bc3 Kd6 54.
Bd2 Ke6 55. Bb3+ Kf6 56. Bd5 Ba6 57. h3 Bg3 58. Bc3 Bh4 59. Bg8 Bg3 60. Bd5 Bh4
61. g4 hxg4 62. hxg4 Bg3 63. Kg2 Bh4 1/2-1/2

[Event "36 R.G.Nezhmetdinov Memorial"]
[Site "Kazan, Russia"]
[Date "2014.05.31"]
[Round "1.11"]
[White "Savchenko, Boris"]
[Black "Murtazin, Bulat"]
[Result "1-0"]
[WhiteElo "2559"]
[BlackElo "2176"]
[PlyCount "106"]
[EventDate "2015.??.??"]

1. e4 e5 2. Nf3 Nc6 3. Bb5 Nf6 4. d3 Bc5 5. c3 d6 6. d4 exd4 7. cxd4 Bb4+ 8.
Kf1 d5 9. e5 Nd7 10. Qa4 Be7 11. Bxc6 bxc6 12. Qxc6 O-O 13. Be3 Rb8 14. b3 Bb7
15. Qc2 c5 16. dxc5 Qc7 17. Nc3 Nxe5 18. Nxe5 Qxe5 19. Rd1 Rfc8 20. Bd4 Qh5 21.
Qe2 Qxe2+ 22. Nxe2 Ba6 23. Ke1 Bg5 24. Be3 Bxe3 25. fxe3 Rxc5 26. Nd4 Rc3 27.
Kf2 Bd3 28. Rd2 Rb6 29. Rhd1 Rf6+ 30. Kg1 Be4 31. Nb5 Rc5 32. Nd4 Rc3 33. Nb5
Rc5 34. Nxa7 Ra6 35. b4 Rc4 36. Nb5 h6 37. a3 Rb6 38. Nd4 Ra6 39. Rb2 Rxa3 40.
b5 Rc7 41. b6 Rb7 42. Rc1 Ra6 43. Rc8+ Kh7 44. Rc6 g6 45. Kf2 Kg7 46. Kg3 Kf8
47. Kf4 Ke7 48. Ke5 Ra1 49. Nb3 Rf1 50. Nc5 f6+ 51. Rxf6 Rxf6 52. Nxb7 Rf8 53.
Nc5 Re8 1-0

[Event "36 R.G.Nezhmetdinov Memorial"]
[Site "Kazan, Russia"]
[Date "2014.05.31"]
[Round "1.12"]
[White "Dilmukhametov, Artur"]
[Black "Dvoirys, Semen I"]
[Result "0-1"]
[WhiteElo "2164"]
[BlackElo "2557"]
[PlyCount "114"]
[EventDate "2015.??.??"]

1. d4 Nf6 2. c4 e6 3. Nf3 b6 4. g3 Ba6 5. b3 d5 6. Bg2 Nbd7 7. Ne5 c6 8. O-O
Nxe5 9. dxe5 Nd7 10. cxd5 cxd5 11. Bb2 Rc8 12. Nd2 Bb4 13. Nf3 Qe7 14. a3 Bc3
15. Bxc3 Rxc3 16. b4 O-O 17. Qd2 Rc7 18. Rfc1 Rfc8 19. Qb2 Qd8 20. Bf1 h6 21.
a4 Qf8 22. Rxc7 Rxc7 23. a5 Rc4 24. Rb1 bxa5 25. bxa5 Qc5 26. e3 Rc2 27. Qb3
Rc1 28. Qb2 Rxb1 29. Qxb1 Qxa5 30. Nd4 Bxf1 31. Kxf1 Qc7 32. f4 a5 33. Qb5 Qc4+
34. Qxc4 dxc4 35. Ke2 Nc5 36. Kd1 Ne4 37. Kc2 h5 38. Nb5 Nf2 39. Nd6 Ng4 40.
Nxc4 Nxh2 41. Nxa5 Nf1 42. Kd1 Nxg3 43. Ke1 g5 44. fxg5 Ne4 45. Nc4 Kg7 46. Nd6
Nxg5 47. Kf2 h4 48. e4 Kg6 49. Ke3 f6 50. exf6 h3 51. Kf2 Kxf6 52. Kg3 Ke5 53.
Nc4+ Kxe4 54. Nd2+ Kd3 55. Nf1 e5 56. Kg4 e4 57. Kxg5 e3 0-1

[Event "36 R.G.Nezhmetdinov Memorial"]
[Site "Kazan, Russia"]
[Date "2014.05.31"]
[Round "1.13"]
[White "Ibragimov, Ildar"]
[Black "Fakhrutdinov, Timur"]
[Result "1/2-1/2"]
[WhiteElo "2557"]
[BlackElo "2161"]
[PlyCount "81"]
[EventDate "2015.??.??"]

1. d4 Nf6 2. c4 e6 3. Nc3 Bb4 4. e3 O-O 5. Bd3 c5 6. Nf3 d5 7. O-O cxd4 8. exd4
dxc4 9. Bxc4 b6 10. Bg5 Bb7 11. Rc1 h6 12. Bf4 Nc6 13. a3 Bd6 14. Ne5 Rc8 15.
Bb5 Bb8 16. Qa4 Ne7 17. Rfd1 Ned5 18. Bg3 Nxc3 19. bxc3 Ne4 20. c4 Bxe5 21.
dxe5 Qc7 22. Rd7 Qb8 23. Qd1 Nc5 24. Rd6 a6 25. Bd7 Rc7 26. Bh4 Nxd7 27. Rxd7
Rxd7 28. Qxd7 g5 29. Bg3 Rd8 30. Qe7 Rd4 31. h3 Bc6 32. Qf6 Qf8 33. Rb1 b5 34.
cxb5 axb5 35. Rc1 Rc4 36. Rd1 Bd5 37. Rxd5 exd5 38. e6 fxe6 39. Qxe6+ Kh7 40.
Qxd5 Rc5 41. Qd7+ 1/2-1/2

[Event "36 R.G.Nezhmetdinov Memorial"]
[Site "Kazan, Russia"]
[Date "2014.05.31"]
[Round "1.14"]
[White "Pershin, Denis"]
[Black "Mozharov, Mikhail"]
[Result "0-1"]
[WhiteElo "2157"]
[BlackElo "2552"]
[PlyCount "102"]
[EventDate "2015.??.??"]

1. e4 c5 2. Nf3 e6 3. d4 cxd4 4. Nxd4 Nc6 5. Nc3 Qc7 6. Be2 Nf6 7. O-O a6 8.
Be3 Be7 9. f4 d6 10. Kh1 O-O 11. a4 Re8 12. Bf3 Rb8 13. g4 Nxd4 14. Bxd4 e5 15.
fxe5 dxe5 16. Ba7 Ra8 17. g5 Rd8 18. Qe2 Ne8 19. Be3 Be6 20. Bg4 Qd7 21. Bxe6
Qxe6 22. Nd5 Rac8 23. c4 Nd6 24. Bb6 Rf8 25. c5 Ne8 26. Nxe7+ Qxe7 27. Qg4 Nc7
28. Rfd1 Ne6 29. Rd5 Nxc5 30. Bxc5 Rxc5 31. Rd7 Qe8 32. Rxb7 Qc6 33. Ra7 Rc1+
34. Rxc1 Qxc1+ 35. Kg2 Qxb2+ 36. Kh3 Qb6 37. Rd7 Qe3+ 38. Kh4 h6 39. gxh6 Qxh6+
40. Kg3 Rb8 41. Rd3 g6 42. Rf3 Qd2 43. Rf2 Qd3+ 44. Kg2 Kg7 45. Qh4 Qd6 46. Qg5
Rb4 47. h4 Rxe4 48. h5 Rf4 49. h6+ Kh7 50. Rxf4 exf4 51. a5 f6 0-1

[Event "36 R.G.Nezhmetdinov Memorial"]
[Site "Kazan, Russia"]
[Date "2014.05.31"]
[Round "1.15"]
[White "Shaposhnikov, Evgeny"]
[Black "Pushkin, Eduard"]
[Result "1-0"]
[WhiteElo "2550"]
[BlackElo "2150"]
[PlyCount "61"]
[EventDate "2015.??.??"]

1. e4 e5 2. Nf3 Nc6 3. Bc4 Bc5 4. c3 Nf6 5. d3 a6 6. Bb3 O-O 7. O-O Be7 8. Re1
d6 9. Nbd2 Na5 10. Bc2 c5 11. d4 cxd4 12. cxd4 Qc7 13. b3 Re8 14. Bb2 Bf8 15.
Rc1 Qb8 16. h3 Nc6 17. Nc4 Nd7 18. Ne3 f6 19. b4 Nxb4 20. Bb3+ Kh8 21. Nh4 g6
22. Bf7 Re7 23. Bxg6 Rg7 24. Bf5 Nc6 25. Qh5 exd4 26. Ng6+ Rxg6 27. Bxg6 h6 28.
Nf5 Nde5 29. Nxh6 Nxg6 30. Nf5+ Kg8 31. Qxg6+ 1-0

[Event "36 R.G.Nezhmetdinov Memorial"]
[Site "Kazan, Russia"]
[Date "2014.05.31"]
[Round "1.16"]
[White "Ovchinnikov, Vsevolod"]
[Black "Lintchevski, Daniil"]
[Result "0-1"]
[WhiteElo "2135"]
[BlackElo "2546"]
[PlyCount "148"]
[EventDate "2015.??.??"]

1. d4 Nf6 2. c4 e6 3. Nf3 c5 4. d5 exd5 5. cxd5 d6 6. Nc3 g6 7. e4 a6 8. a4 Bg4
9. Qb3 Qe7 10. Nd2 Bg7 11. f3 Bc8 12. Nc4 Nbd7 13. Bf4 Ne5 14. Bxe5 dxe5 15. d6
Qe6 16. Qa3 Bd7 17. Rd1 O-O 18. Nb6 Rad8 19. Bc4 Qe8 20. Qxc5 Bc6 21. O-O Nd7
22. Nxd7 Qxd7 23. Qa5 Kh8 24. b4 Qc8 25. Bb3 Qb8 26. b5 Qa7+ 27. b6 Qb8 28. Qc5
f5 29. exf5 gxf5 30. Rfe1 Rf6 31. d7 Rxd7 32. Qxe5 Qxe5 33. Rxe5 Rxd1+ 34. Nxd1
Rd6 35. Rxf5 Rd3 36. Bc2 Rd2 37. Bb3 Bd4+ 38. Kf1 Bxb6 39. Rf7 Bd5 40. Bxd5
Rxd1+ 41. Ke2 Rxd5 42. Rxb7 Bg1 43. h3 a5 44. Rb1 Bh2 45. Ke3 Re5+ 46. Kd3 Bg3
47. Rc1 h5 48. Rc4 h4 49. f4 Rf5 50. Ke3 Kg7 51. Kf3 Kf7 52. Kg4 Rd5 53. Rc7+
Ke6 54. Rc6+ Kd7 55. Rc4 Rd2 56. Rc5 Be1 57. f5 Rxg2+ 58. Kf4 Ra2 59. Rd5+ Kc6
60. Rd4 Bb4 61. f6 Rxa4 62. Kf5 Ra3 63. Rxh4 Rf3+ 64. Kg6 Kb5 65. f7 a4 66. Rh8
a3 67. Ra8 Kc4 68. h4 Kb3 69. h5 a2 70. h6 Bc3 71. Rb8+ Kc2 72. f8=Q Rxf8 73.
Rxf8 a1=Q 74. h7 Qg1+ 0-1

[Event "36 R.G.Nezhmetdinov Memorial"]
[Site "Kazan, Russia"]
[Date "2014.05.31"]
[Round "1.17"]
[White "Yudin, Sergei"]
[Black "Ofitserian, Boris"]
[Result "1-0"]
[WhiteElo "2546"]
[BlackElo "2132"]
[PlyCount "81"]
[EventDate "2015.??.??"]

1. e4 c5 2. Nf3 d6 3. c3 Nf6 4. Bd3 Nc6 5. h3 g6 6. O-O Bg7 7. Bc2 O-O 8. d4
cxd4 9. cxd4 e5 10. d5 Nb4 11. Bb3 Bd7 12. Nc3 Nh5 13. Re1 h6 14. Bc4 Rc8 15.
Bf1 Qe8 16. Nd2 Na6 17. Nc4 Qe7 18. Be3 b6 19. Nxb6 axb6 20. Bxa6 Rb8 21. a4
Nf4 22. Bf1 g5 23. b4 Qf6 24. Bb5 Bc8 25. Be2 Qg6 26. Bg4 h5 27. Bxc8 Rfxc8 28.
Nb5 g4 29. h4 g3 30. fxg3 Qxg3 31. Bxf4 exf4 32. Ra3 Qxh4 33. Rh3 Qf6 34. Rxh5
Qg6 35. Rh4 Rc4 36. Rg4 Qf6 37. Qf3 Rxb4 38. Rxf4 Qh6 39. Qg3 Rd8 40. Ref1 Rxa4
41. Rf6 1-0

[Event "36 R.G.Nezhmetdinov Memorial"]
[Site "Kazan, Russia"]
[Date "2014.05.31"]
[Round "1.18"]
[White "Rjanova, Valery"]
[Black "Rychagov, Andrey"]
[Result "1/2-1/2"]
[WhiteElo "2131"]
[BlackElo "2535"]
[PlyCount "90"]
[EventDate "2015.??.??"]

1. e4 c5 2. Nf3 e6 3. d4 cxd4 4. Nxd4 a6 5. Nc3 b5 6. Bd3 Bc5 7. Nb3 Be7 8. O-O
Nc6 9. Re1 Ne5 10. Be2 Bb7 11. f4 Qb6+ 12. Kh1 Nc4 13. a4 Rc8 14. axb5 axb5 15.
Bxc4 bxc4 16. Be3 Qd8 17. Ra7 Bc6 18. Na5 Bb4 19. Nxc4 Ra8 20. Nd6+ Ke7 21. Qd4
Bxd6 22. Rxa8 Qxa8 23. Qxg7 Nh6 24. Qxh6 Rg8 25. Qh4+ Kf8 26. Bd4 Rg6 27. Qxh7
Bxf4 28. Qh8+ Ke7 29. Qxa8 Bxa8 30. Re2 Rh6 31. h3 Rh5 32. Kg1 Bg3 33. Re3 Rg5
34. Ne2 Bc7 35. g4 Ra5 36. Bc3 Ra1+ 37. Kg2 d5 38. exd5 Bxd5+ 39. Kf2 Rh1 40.
Bd4 Rh2+ 41. Ke1 f6 42. b3 Rh1+ 43. Kf2 Rh2+ 44. Ke1 Rh1+ 45. Kf2 Rh2+ 1/2-1/2

[Event "36 R.G.Nezhmetdinov Memorial"]
[Site "Kazan, Russia"]
[Date "2014.05.31"]
[Round "1.19"]
[White "Rozum, Ivan"]
[Black "Gaifullin, Artur"]
[Result "1-0"]
[WhiteElo "2535"]
[BlackElo "2130"]
[PlyCount "51"]
[EventDate "2015.??.??"]

1. Nf3 Nf6 2. c4 e6 3. Nc3 d5 4. d4 Be7 5. Bg5 h6 6. Bxf6 Bxf6 7. Qc2 b6 8. e4
dxe4 9. Qxe4 c6 10. Bd3 Bb7 11. O-O Qe7 12. Rfe1 g6 13. Ne5 O-O 14. Rad1 Bg7
15. d5 cxd5 16. cxd5 exd5 17. Nxd5 Qxe5 18. Ne7+ Qxe7 19. Qxe7 Bc6 20. b4 Ba4
21. b5 Bxd1 22. Rxd1 Nd7 23. Qxd7 Rfd8 24. Qg4 Rd4 25. Be4 f5 26. Bd5+ 1-0

[Event "36 R.G.Nezhmetdinov Memorial"]
[Site "Kazan, Russia"]
[Date "2014.05.31"]
[Round "1.21"]
[White "Pogonina, Natalija"]
[Black "Chernozemov, Andrew"]
[Result "1-0"]
[WhiteElo "2501"]
[BlackElo "2114"]
[PlyCount "81"]
[EventDate "2015.??.??"]

1. e4 c5 2. Nf3 Qb6 3. Nc3 Nc6 4. Bc4 e6 5. O-O d6 6. a3 Be7 7. d3 a6 8. Ba2
Bf6 9. Ne2 Nge7 10. c3 e5 11. Ng3 g6 12. Ng5 Nd8 13. Qf3 Ng8 14. Qd1 h6 15. Nf3
Be6 16. Nd2 Ne7 17. Nc4 Qc7 18. f4 Bxc4 19. Bxc4 Nec6 20. f5 g5 21. Nh5 Qe7 22.
Qg4 Kd7 23. b4 Kc7 24. Rb1 b5 25. Bd5 Rb8 26. Be3 Nb7 27. Qd1 Rhc8 28. Qb3 Ncd8
29. a4 Kd7 30. axb5 axb5 31. Ra1 Ke8 32. Ra7 Bh8 33. bxc5 dxc5 34. Qxb5+ Qd7
35. Qxd7+ Kxd7 36. Rb1 Rc7 37. Rb6 Nd6 38. Rxc7+ Kxc7 39. Rxb8 Kxb8 40. Bxc5
Nb5 41. Bb4 1-0

[Event "36 R.G.Nezhmetdinov Memorial"]
[Site "Kazan, Russia"]
[Date "2014.05.31"]
[Round "1.22"]
[White "Sadykov, Airat F"]
[Black "Gavrilov, Alexei"]
[Result "0-1"]
[WhiteElo "2106"]
[BlackElo "2491"]
[PlyCount "68"]
[EventDate "2015.??.??"]

1. e4 e5 2. Nf3 Nc6 3. Bb5 a6 4. Ba4 Nf6 5. O-O Be7 6. d3 b5 7. Bb3 d6 8. a4 b4
9. a5 O-O 10. Nbd2 Be6 11. Bxe6 fxe6 12. Re1 Rb8 13. Nc4 Nd7 14. b3 d5 15. Ncd2
Bc5 16. Bb2 Rb5 17. Ra2 Qf6 18. Re2 g5 19. h3 h5 20. d4 Bxd4 21. Nxd4 Nxd4 22.
Bxd4 exd4 23. exd5 Rxd5 24. Ne4 Qg6 25. Qd3 Rf4 26. g3 Ne5 27. Qxa6 Rxe4 28.
Rxe4 Nf3+ 29. Kg2 Qxe4 30. Qc8+ Kg7 31. Qxc7+ Kf6 32. a6 d3 33. cxd3 Rxd3 34.
a7 Nh4+ 0-1

[Event "36 R.G.Nezhmetdinov Memorial"]
[Site "Kazan, Russia"]
[Date "2014.05.31"]
[Round "1.23"]
[White "Matinian, Nikita"]
[Black "Merkushev, Dmitry"]
[Result "1-0"]
[WhiteElo "2478"]
[BlackElo "2105"]
[PlyCount "105"]
[EventDate "2015.??.??"]

1. e4 d5 2. exd5 Qxd5 3. Nc3 Qa5 4. Nf3 Nf6 5. Bc4 Nbd7 6. Qe2 Nb6 7. Bb3 e6 8.
d4 Bb4 9. O-O Bxc3 10. bxc3 O-O 11. c4 Qh5 12. c5 Nbd7 13. h3 c6 14. Re1 b5 15.
g4 Qxh3 16. Ng5 Qxg4+ 17. Qxg4 Nxg4 18. Nxe6 fxe6 19. Bxe6+ Kh8 20. Bxg4 Ne5
21. Rxe5 Bxg4 22. f4 Rae8 23. Bd2 Rxe5 24. fxe5 Be6 25. a4 a6 26. axb5 axb5 27.
Ra7 h6 28. Rc7 Rc8 29. Re7 Bd5 30. Bf4 Rf8 31. Bh2 Kh7 32. e6 Rf6 33. Be5 Rg6+
34. Kf2 Bxe6 35. Bxg7 Rxg7 36. Rxe6 Rc7 37. Kf3 b4 38. Kf4 Kg7 39. Ke5 Rc8 40.
Re7+ Kg6 41. Kd6 Rd8+ 42. Rd7 Rc8 43. d5 cxd5 44. c6 d4 45. c7 d3 46. cxd3 b3
47. Re7 b2 48. Re1 Rf8 49. Rg1+ Kf5 50. Rb1 Kf4 51. Rxb2 Ke3 52. Rb8 Rf6+ 53.
Ke5 1-0

[Event "36 R.G.Nezhmetdinov Memorial"]
[Site "Kazan, Russia"]
[Date "2014.05.31"]
[Round "1.25"]
[White "Galliamova, Alisa"]
[Black "Zlachevskiy, Leonid"]
[Result "1-0"]
[WhiteElo "2466"]
[BlackElo "2093"]
[PlyCount "121"]
[EventDate "2015.??.??"]

1. Nf3 Nf6 2. g3 b6 3. Bg2 Bb7 4. O-O g6 5. d3 Bg7 6. e4 d6 7. h3 Nbd7 8. Bg5
h6 9. Be3 e5 10. Qd2 d5 11. Qe1 O-O 12. Nh2 dxe4 13. Nc3 Qc8 14. dxe4 Ba6 15.
Ne2 Re8 16. Qd2 Kh7 17. Rfd1 Bb7 18. Nc3 Bf8 19. Ng4 Nxg4 20. hxg4 Nf6 21. g5
Ng8 22. Nd5 Rd8 23. Qe2 c6 24. Nc3 Qe6 25. Kh2 hxg5 26. Bxg5 f6 27. Be3 Bh6 28.
Bh3 Qe7 29. Rxd8 Rxd8 30. Rd1 Bxe3 31. Qxe3 Nh6 32. Qe2 Kg7 33. Rxd8 Qxd8 34.
Qd1 Qd4 35. Qxd4 exd4 36. Nb1 c5 37. Nd2 Nf7 38. Bf1 Nd6 39. f3 Kf7 40. Kg1 g5
41. c3 dxc3 42. bxc3 g4 43. Kf2 gxf3 44. Bd3 Ke6 45. Kxf3 f5 46. Kf4 fxe4 47.
Bxe4 Nxe4 48. Nxe4 a5 49. c4 Ba6 50. Nd2 b5 51. Ne4 bxc4 52. Nxc5+ Kd5 53. Nxa6
Kd4 54. Nc7 c3 55. Nb5+ Kd3 56. Nxc3 Kxc3 57. g4 Kb2 58. g5 Kxa2 59. g6 a4 60.
g7 a3 61. g8=Q+ 1-0

[Event "36 R.G.Nezhmetdinov Memorial"]
[Site "Kazan, Russia"]
[Date "2014.05.31"]
[Round "1.26"]
[White "Askerov, Marat"]
[Black "Kuderinov, Kirill"]
[Result "0-1"]
[WhiteElo "2085"]
[BlackElo "2442"]
[PlyCount "136"]
[EventDate "2015.??.??"]

1. d4 Nf6 2. c4 g6 3. Nf3 Bg7 4. g3 O-O 5. Bg2 d6 6. O-O Nc6 7. Nc3 Bf5 8. b3
Ne4 9. Nd5 Nf6 10. Bb2 Nxd5 11. cxd5 Nb8 12. Nh4 Bd7 13. Qd2 c6 14. dxc6 Nxc6
15. d5 Ne5 16. h3 Bb5 17. f4 Nd7 18. Bxg7 Kxg7 19. Nf3 Qb6+ 20. Kh2 Nf6 21. Nd4
Rac8 22. a4 Bd7 23. Rac1 a5 24. e4 Rxc1 25. Rxc1 Rc8 26. Rxc8 Bxc8 27. e5 dxe5
28. fxe5 Nd7 29. Nb5 Nc5 30. Qd4 Kg8 31. d6 e6 32. Nc3 Qb4 33. Qxb4 axb4 34.
Ne4 Nxb3 35. Nf6+ Kf8 36. d7 Bxd7 37. Nxd7+ Ke7 38. Nb6 Na5 39. Bf1 Kd8 40. Nc4
Nxc4 41. Bxc4 Kc7 42. Kg2 Kc6 43. Kf3 Kc5 44. Ba2 Kd4 45. Ke2 Kc3 46. Ke3 b3
47. Bb1 Kb4 48. Kd4 Kxa4 49. Kc5 Ka3 50. Kd6 Kb2 51. Be4 Kc3 52. h4 Kd4 53. Bb1
b5 54. h5 gxh5 55. Bxh7 b2 56. Bc2 b4 57. Ke7 Kxe5 58. Kxf7 Kd5 59. Kg6 e5 60.
Kxh5 Kd4 61. Kg4 b3 62. Bb1 Ke3 63. Kh3 Kd2 64. g4 Kc1 65. Be4 b1=Q 66. Bxb1
Kxb1 67. g5 Kc2 68. g6 b2 0-1